000 02767nam0a2200409 4500
001 RU\NLR\BIBL_A\022536053
005 20250709131145.0
010 _a978-5-91133-277-8
_9150
021 _aRU
_bКН-П-25-015240
_9КН-П-25-1554
035 _a(NLR Aleph) 022536053
090 _a13450690
_c13450690
100 _a20250506d2024 u y0rusy50 ca
101 0 _arus
102 _aRU
105 _aa|||z|||000yy
181 0 _ai3
_baxxe
182 0 _an
200 1 _aТиповая экспертная методика определения рыночной стоимости объектов недвижимости
_eпособие
_fМинистерство юстиции Российской Федерации, Федеральное бюджетное учреждение Российский федеральный центр судебной экспертизы имени профессора А. Р. Шляхова при Министерстве юстиции Российской Федерации
_gподготовили: Бутырин А. Ю., д.ю.н. [и др.]
203 _aТекст
_bвизуальный
_cнепосредственный
205 _a2-е изд., испр. и доп.
210 _aМосква
_cФБУ РФЦСЭ имени профессора А. Р. Шляхова при Минюсте России
_d2024
215 _a118 с.
_cил., табл.
_d21
320 _aБиблиогр.: с. 113-114 (12 назв.)
606 1 _aНедвижимое имущество
_jУчебные издания
_xОценка
_yРоссийская Федерация
_92236369
_3RU\NLR\AUTH\661342109
606 1 _aЗемельные участки
_jУчебные издания
_xОценка
_yРоссийская Федерация
_92140591
_3RU\NLR\AUTH\661290229
606 1 _aСудебная строительно-техническая экспертиза
_jУчебные издания
_yРоссийская Федерация
_92546702
_3RU\NLR\AUTH\6601720593
606 1 _aСтоимость
_jУчебные издания
_xОпределение
_xСудебная экспертиза
_yРоссийская Федерация
_92423825
_3RU\NLR\AUTH\6601661753
686 1 _aУ9(2)-571.1-07(2Р)я7
686 1 _aХ629.214.13я7
702 1 _4220
_7ca
_8rus
_aБутырин
_bА. Ю.
_cд-р юрид. наук
_gАндрей Юрьевич
_9116185
_3RU\NLR\AUTH\776230
712 0 2 _4475
_aРоссийский федеральный центр судебной экспертизы им. А. Р. Шляхова
_92645420
_3RU\NLR\AUTH\880617124
942 _cBOOK
980 _aNB
980 _aNB